000 00357nam a22001457a 4500
003 MACL
005 20200721123844.0
008 200721b xxu||||| |||| 00| 0 eng d
040 _cMACL
100 _aBag,A.K.
_979117
245 _aThe Concept of Sunya
260 _aNew Delhi
_bIndra Gandhi National
_c2018
650 _aPhilosophy
_979118
942 _2ddc
_cBK
999 _c62731
_d62731